Obiekty geograficzne na mapie podkarpacia - Statystyki

Ogólne statystyki
  • Ten quiz został rozwiązany 120 razy
  • Średni wynik to 28 z 47
Statystyki odpowiedzi
Obrazkowy Odpowiedź % Poprawnych
San
90%
Wisła
90%
Wisłoka
79%
Wisłok
78%
Tarnobrzeg
76%
Ustrzyki Dolne
76%
Lubaczów
72%
Stalowa Wola
71%
Bieszczady
69%
Krosno
69%
Przemyśl
69%
Rzeszów
69%
Beskid Niski
66%
Dębica
66%
Mielec
66%
Nisko
66%
Strwiąż
66%
Łańcut
64%
Przeworsk
64%
Ropa
64%
Jarosław
62%
Jasło
60%
Kolbuszowa
60%
Lesko
60%
Sanok
60%
Roztocze
59%
Solinka
59%
Lubaczówka
57%
Tanew
57%
Brzozów
55%
Łęg
55%
Leżajsk
55%
Ropczyce
55%
Jasiołka
52%
Osława
50%
Pradolina Podkarpacka
50%
Płaskowyż Kolbuszowski
48%
Pogórze Dynowskie
48%
Strzyżów
48%
Pogórze Przemyskie
45%
Góry Sanocko-Turczańskie
43%
Płaskowyż Tarnogrodzki
38%
Podgórze Rzeszowskie
38%
Pogórze Ciężkowickie
38%
Pogórze Strzyżowskie
34%
Doły Jasielsko–Sanockie
31%
Równina Tarnobrzeska
31%
Nie znaleziono quizów pasujących do podanych kryteriów
Rozkład punktacji
Procent ludzi z każdym wynikiem
Percentyl według liczby udzielonych odpowiedzi
Twoja historia wyników
Nie rozwiązałeś tego quizu